000 02316cam0 2200469 ib4500
001 BY-NLB-br0001862481
005 20260324111439.0
010 ^a978-985-7277-13-1
^bу пераплёце
100 ^a20230918d2023 c y0bely50 ca
101 1 ^abel
^cswe
102 ^aBY
105 ^aa z 000ay
109 ^ama
181 0 ^ai3
181 0 ^ab1
^b b2e
182 0 ^an
200 1 ^aАпошні раз, калі я была шчаслівая
^e[для малодшага школьнага ўзросту]
^fтэкст: Роўз Лагеркранц
^gілюстрацыі: Эва Эрыксан
^g[пераклад са шведскай Н. Кандрусевіч]
203 ^aТэкст
^aВыява
^bнерухомая
^bдвухмерная
^cнепасрэдныя
210 ^aМінск
^cKoska
^cКандрусевіч Надзея
^d2023
215 ^a120, [2] с.
^cіл.
^d22 см
333 ^a6+
345 ^9500 экз.
606 ^aШВЕДСКАЯ ЛІТАРАТУРА
^3BY-NLB-ar38031
^2DVNLB
606 ^aШВЕДСКАЯ ЛИТЕРАТУРА
^3BY-NLB-ar38030
^2DVNLB
608 ^aПРОЗА (літ. твор)
^3BY-NLB-ar2648149
^2BYGNR
608 ^aПРОЗА (лит. произведение)
^3BY-NLB-ar2648148
^2BYGNR
608 ^aДЕТСКАЯ И ЮНОШЕСКАЯ ЛИТЕРАТУРА (художеств. произведение)
^3BY-NLB-ar9019
^2BYGNR
608 ^3BY-NLB-ar9020
^aДЗІЦЯЧАЯ І ЮНАЦКАЯ ЛІТАРАТУРА (мастацкі твор)
^2BYGNR
615 ^3BY-SEK-ar1826174
^aБелорусский национальный документ
686 ^a84(4Шве)-4
^2rubbk
690 ^a1
^2Base
^9BY-MI0000
^xRSEK
700 1 ^3BY-CNB-ar2218547
^aЛагеркранц
^bР.
702 1 ^3BY-NLB-ar7505007
^aЭрыксан
^bЭ.
^gЭва
^cмастак
^fнар. 1949
^4440
702 1 ^3BY-SEK-ar5241132
^aКандрусевіч
^bН. К.
^gНадзея Канстанцінаўна
^cперакладчыца
^cвыдавец
^fнар. 1985
^4730
801 0 ^aBY
^bBY-HM0000
^c20230918
^gRCR
801 2 ^aBY
^bBY-BR0000
^c20231221
^gRCR
801 2 ^aBY
^bBY-MI0000
^c20260313
^gRCR
035 ^a(BY-MI0000)BY-NLB-br0001862481
899 0 ^aBY-MI0000
^iЛ14
^h84(4Шве)